000 00654nam a22001457a 4500
082 _a894.812.3
_bDHA/R
100 _aDHARMAJAN, AKHIL P
245 _aRAM C/O ANANDHI
246 _aRAM C/O ANANDHI
_bRAM C/O ANANDHI
260 _aKOTTAYAM, INDIA
_bD C BOOKS
300 _a320
520 _ahe story revolves around Ram, a young Malayali, who arrives in Chennai to study at a film school, and the incidents that happen in his life with his new set of friends in the city. Incidentally, Mr. Dharmajan lived in Chennai for a couple of years and learned filmmaking, to gain experiences to write the book.31 Mar 2024
650 _aMALAYALAM NOVEL
942 _cBK
999 _c8688
_d8688